[Event "Plzen, FSB A"]
[Site "?"]
[Date "2000.??.??"]
[Round "7"]
[White "Blecha, M."]
[Black "Kamenik, M."]
[Result "1/2-1/2"]
[WhiteElo "2205"]
[BlackElo "2005"]
[PlyCount "82"]
[EventDate "2000.??.??"]
[Source "ChessBase"]
[SourceDate "1996.11.15"]

1. e4 e5 2. Nf3 Nc6 3. d4 exd4 4. Nxd4 Be7 5. Nc3 Nf6 6. Bc4 O-O 7. Nxc6 dxc6
8. Qe2 b5 9. Bd3 a6 10. O-O Nd7 11. f4 Nc5 12. Be3 Nxd3 13. cxd3 Re8 14. Rad1
f5 15. Rf3 Bf8 16. Rg3 Be6 17. Qh5 Qd7 18. Rh3 g6 19. Rg3 Bg7 20. Qf3 Rad8 21.
e5 Bf8 22. h4 Bf7 23. h5 Re6 24. d4 Ree8 25. hxg6 hxg6 26. Kf2 Be7 27. Rh1 Kg7
28. Rgh3 Rh8 29. Qg3 Qc8 30. Qf3 b4 31. Na4 Bd5 32. Qd1 Rxh3 33. Rxh3 Rh8 34.
Qh1 Rxh3 35. Qxh3 Bxa2 36. Nc5 Bxc5 37. dxc5 Qd8 38. g4 Bb1 39. g5 Qh8 40.
Qxh8+ Kxh8 41. Bd2 a5 1/2-1/2

[Event "Plzen, FSB A"]
[Site "?"]
[Date "2000.??.??"]
[Round "7"]
[White "Juptner, J."]
[Black "Petrzela, P."]
[Result "1-0"]
[WhiteElo "2170"]
[BlackElo "2015"]
[PlyCount "93"]
[EventDate "2000.??.??"]
[Source "ChessBase"]
[SourceDate "1996.11.15"]

1. d4 Nf6 2. c4 g6 3. Nc3 Bg7 4. Nf3 d6 5. g3 O-O 6. Bg2 Nbd7 7. O-O e5 8. e4
c6 9. h3 Qc7 10. b3 Re8 11. Be3 Bf8 12. Qe2 b6 13. d5 c5 14. Ne1 Nh5 15. Kh2
Ng7 16. Nd3 a6 17. f4 f5 18. Rae1 Qd8 19. Qd2 Ra7 20. Rf2 Qc7 21. Rfe2 Rb7 22.
fxe5 Nxe5 23. Nxe5 Rxe5 24. Bf4 Re8 25. e5 dxe5 26. d6 Bxd6 27. Bxb7 Bxb7 28.
Nd5 Bxd5 29. Qxd5+ Kh8 30. Bxe5 Bxe5 31. Rxe5 Rd8 32. Qf3 Rd2+ 33. R1e2 Rd8 34.
Rd5 Rf8 35. Qf4 Qxf4 36. gxf4 Nh5 37. Rf2 Re8 38. Rd6 b5 39. cxb5 axb5 40. Rc6
Re4 41. Rxc5 Rb4 42. Rc7 Nxf4 43. Rd2 Ne6 44. Rcd7 Nd4 45. Kg2 Nc6 46. Rc7 Rd4
47. Re2 1-0

[Event "Plzen, FSB A"]
[Site "?"]
[Date "2000.??.??"]
[Round "7"]
[White "Galicek, S."]
[Black "Vasicek, M."]
[Result "1/2-1/2"]
[WhiteElo "1940"]
[BlackElo "2165"]
[PlyCount "73"]
[EventDate "2000.??.??"]
[Source "ChessBase"]
[SourceDate "1996.11.15"]

1. d4 Nf6 2. c4 c5 3. d5 e5 4. Nc3 d6 5. e4 Be7 6. g3 O-O 7. Bg2 Ne8 8. Nge2 g6
9. O-O f5 10. exf5 gxf5 11. f4 Nd7 12. Qc2 Ndf6 13. Nd1 e4 14. Ne3 Ng7 15. Bd2
h5 16. b4 Bd7 17. bxc5 dxc5 18. Rab1 b6 19. a4 Nge8 20. a5 Nd6 21. Nc3 Ng4 22.
Qb3 Bf6 23. axb6 axb6 24. Rfc1 Rb8 25. Bf1 Bd4 26. Ne2 Bf6 27. Nxg4 hxg4 28.
Bc3 Rf7 29. Be5 Be8 30. Rc2 Rfb7 31. Qc3 Kg7 32. Rcb2 Qe7 33. Nc1 Nf7 34. Bxf6+
Qxf6 35. Qxf6+ Kxf6 36. Na2 Nd6 37. Nc3 1/2-1/2

[Event "Plzen, FSB A"]
[Site "?"]
[Date "2000.??.??"]
[Round "7"]
[White "Hrbolka jr., L."]
[Black "Bujak, M."]
[Result "1-0"]
[WhiteElo "2165"]
[BlackElo "1990"]
[PlyCount "74"]
[EventDate "2000.??.??"]
[Source "ChessBase"]
[SourceDate "1996.11.15"]

1. e4 e5 2. Nf3 Nc6 3. Bb5 f5 4. d3 fxe4 5. dxe4 Nf6 6. O-O Bc5 7. Nc3 d6 8.
Be3 Bb6 9. Nd5 O-O 10. Bc4 Kh8 11. Ng5 Bg4 12. Qe1 Nxd5 13. exd5 Nd4 14. Bd3 h6
15. Ne4 c6 16. dxc6 d5 17. cxb7 Rb8 18. Ng3 e4 19. c3 Nf3+ 20. gxf3 Bxf3 21.
Be2 Qd7 22. Bxf3 exf3 23. Kh1 Qh3 24. Rg1 Bc7 25. Qd2 Rf5 26. Nf1 Rbf8 27. Rg3
Bxg3 28. fxg3 f2 29. Bf4 Qg4 30. Qxf2 g5 31. Qd4+ Kg8 32. b8=Q Rxb8 33. Bxb8
Qe2 34. Ne3 Rf7 35. Qxd5 Kf8 36. Qe6 Kg7 37. Be5+ Kg8 1-0

[Event "Plzen, FSB A"]
[Site "?"]
[Date "2000.??.??"]
[Round "7"]
[White "Hlavnicka, J."]
[Black "Sedlacek, J."]
[Result "1-0"]
[WhiteElo "2305"]
[BlackElo "1865"]
[PlyCount "91"]
[EventDate "2000.??.??"]
[Source "ChessBase"]
[SourceDate "1996.11.15"]

1. Nf3 c5 2. c4 Nc6 3. g3 g6 4. d4 cxd4 5. Nxd4 Bg7 6. e3 Nf6 7. Bg2 O-O 8. Nc3
a6 9. O-O Qc7 10. Nxc6 dxc6 11. Qc2 Rd8 12. Bd2 Be6 13. b3 Rac8 14. Rad1 b5 15.
Ne4 Nxe4 16. Bxe4 Qe5 17. Bb4 bxc4 18. bxc4 Bh3 19. Bg2 Bxg2 20. Kxg2 Rxd1 21.
Rxd1 Rb8 22. Ba3 Qa5 23. Bxe7 Qb6 24. Qb3 Qa7 25. Qxb8+ Qxb8 26. Rd8+ Qxd8 27.
Bxd8 Kf8 28. g4 Ke8 29. Bb6 Kd7 30. Bd4 Bf8 31. f4 f5 32. Kf3 Ke6 33. e4 Bd6
34. h4 Be7 35. h5 Bd8 36. exf5+ gxf5 37. g5 Kf7 38. Ke3 Bc7 39. Be5 Bb6+ 40.
Kd3 Bc5 41. Kc3 Kg8 42. Bc7 Kf7 43. Kb3 Ke7 44. Ka4 Kd7 45. Be5 Ke7 46. Ka5 1-0

[Event "Plzen, FSB A"]
[Site "?"]
[Date "2000.??.??"]
[Round "7"]
[White "Mazakova, P."]
[Black "Balin, K."]
[Result "1/2-1/2"]
[WhiteElo "2315"]
[BlackElo "2065"]
[PlyCount "104"]
[EventDate "2000.??.??"]
[Source "ChessBase"]
[SourceDate "1996.11.15"]

1. e4 e5 2. Nf3 Nf6 3. Nc3 Bb4 4. Nxe5 O-O 5. Be2 Re8 6. Nd3 Bxc3 7. dxc3 Nxe4
8. O-O d5 9. Nf4 c6 10. Be3 Nd6 11. Re1 Nd7 12. Bf1 Ne5 13. b3 Bg4 14. f3 Bf5
15. Bd4 f6 16. a4 g5 17. Nd3 Ndf7 18. Qd2 Bxd3 19. cxd3 Qd6 20. f4 gxf4 21.
Qxf4 c5 22. Bf2 Ng5 23. Kh1 b6 24. Bg3 Qf8 25. Qf5 Qg7 26. d4 Qg6 27. Qf4 Nef7
28. dxc5 bxc5 29. Bb5 Rxe1+ 30. Rxe1 Ne4 31. Bc6 Nxg3+ 32. hxg3 Rd8 33. Qc7
Qh6+ 34. Kg1 Qd2 35. Re7 Qc1+ 36. Kf2 Qd2+ 37. Kg1 Qc1+ 38. Kf2 Qd2+ 39. Kg1
Qc1+ 40. Kf2 Qd2+ 41. Re2 Qd3 42. Bd7 Rf8 43. Qxc5 Kg7 44. Qd4 Qb1 45. Qxd5 Ne5
46. g4 Qh1 47. Bf5 Qh4+ 48. Kg1 Rf7 49. Qe4 Qg5 50. c4 h5 51. gxh5 Qxh5 52. Re1
Re7 1/2-1/2

[Event "Plzen, FSB A"]
[Site "?"]
[Date "2000.??.??"]
[Round "7"]
[White "Pecka, F."]
[Black "Krejcik, J."]
[Result "1-0"]
[WhiteElo "2225"]
[BlackElo "2080"]
[PlyCount "105"]
[EventDate "2000.??.??"]
[Source "ChessBase"]
[SourceDate "1996.11.15"]

1. e4 e5 2. Nf3 Nf6 3. Nc3 d6 4. d4 Nbd7 5. Bc4 Be7 6. O-O h6 7. h3 c6 8. d5
Qc7 9. Re1 Nf8 10. b4 a5 11. dxc6 axb4 12. cxb7 Bxb7 13. Bb5+ N8d7 14. Nd5 Nxd5
15. exd5 O-O 16. Bxd7 Qxd7 17. Bd2 Bxd5 18. Bxb4 Bxa2 19. Nxe5 Qb5 20. Nf3 Qxb4
21. Rxe7 d5 22. Re3 Rfc8 23. c3 Qb6 24. Qe2 Kf8 25. Nd4 Bc4 26. Rxa8 Rxa8 27.
Qg4 Ra1+ 28. Kh2 Qb8+ 29. Rg3 g6 30. Qh4 Qe5 31. Nc6 Qd6 32. Qxh6+ Kg8 33. Nd4
Re1 34. Nf3 Re2 35. h4 Rxf2 36. h5 Bd3 37. Qe3 Rxf3 38. gxf3 Bf5 39. f4 Qe6 40.
Qxe6 fxe6 41. hxg6 Kg7 42. Kg2 Bxg6 43. Kf3 Kf6 44. Ke3 Be4 45. c4 e5 46. fxe5+
Kxe5 47. Rg5+ Kf6 48. Rh5 Bg2 49. cxd5 Kg6 50. Re5 Kf6 51. Kd4 Bh3 52. Re3 Bd7
53. Kc5 1-0

[Event "Plzen, FSB A"]
[Site "?"]
[Date "2000.??.??"]
[Round "7"]
[White "Orsag, M."]
[Black "Decka, E."]
[Result "1/2-1/2"]
[WhiteElo "2205"]
[BlackElo "2065"]
[PlyCount "45"]
[EventDate "2000.??.??"]
[Source "ChessBase"]
[SourceDate "1996.11.15"]

1. e4 c5 2. Nc3 e6 3. g3 Ne7 4. Bg2 Nbc6 5. d3 d5 6. exd5 Nxd5 7. Nge2 Nxc3 8.
Nxc3 Be7 9. O-O Nd4 10. Ne4 O-O 11. Be3 e5 12. c3 Ne6 13. Qb3 Kh8 14. Qc4 Qc7
15. d4 f5 16. d5 Nd8 17. d6 Bxd6 18. Nxd6 Qxd6 19. Bxc5 Qc7 20. Qd5 Rf6 21.
Rfd1 Nf7 22. Rd2 Rc6 23. Qxf7 1/2-1/2

[Event "Plzen, FSB A"]
[Site "?"]
[Date "2000.??.??"]
[Round "7"]
[White "Hajek, J."]
[Black "Bartos, J."]
[Result "1/2-1/2"]
[WhiteElo "2075"]
[BlackElo "2175"]
[PlyCount "92"]
[EventDate "2000.??.??"]
[Source "ChessBase"]
[SourceDate "1996.11.15"]

1. e4 e5 2. Nf3 Nf6 3. Nxe5 d6 4. Nf3 Nxe4 5. d4 d5 6. Bd3 Be7 7. O-O Nc6 8. c4
Nb4 9. Be2 O-O 10. Nc3 Bf5 11. Bf4 Bd6 12. Bxd6 Qxd6 13. c5 Qe7 14. a3 Nxc3 15.
bxc3 Nc6 16. Re1 Qd7 17. Bb5 f6 18. Nh4 Rfe8 19. Qd2 Re4 20. Nxf5 Qxf5 21. f3
Rxe1+ 22. Rxe1 Qg6 23. Qe2 Qf7 24. Bxc6 bxc6 25. Qe6 Qxe6 26. Rxe6 Kf7 27. Rxc6
Rc8 28. Kf2 Ke7 29. Ra6 Ra8 30. h4 Kd7 31. g4 c6 32. h5 Kc7 33. Ra4 a5 34. Ke3
Kb7 35. Kf4 Ka6 36. c4 Rb8 37. h6 g6 38. g5 fxg5+ 39. Ke5 Rd8 40. Ke6 dxc4 41.
Rxc4 Kb5 42. Rc3 Rxd4 43. Kf6 Rd5 44. Kg7 Rd7+ 45. Kf6 Rd5 46. Kg7 Rd7+ 1/2-1/2

[Event "Plzen, FSB A"]
[Site "?"]
[Date "2000.??.??"]
[Round "7"]
[White "Kreiser, U."]
[Black "Ptacek, M."]
[Result "1/2-1/2"]
[WhiteElo "2155"]
[BlackElo "2035"]
[PlyCount "42"]
[EventDate "2000.??.??"]
[Source "ChessBase"]
[SourceDate "1996.11.15"]

1. d4 Nf6 2. Nf3 g6 3. g3 Bg7 4. Bg2 O-O 5. O-O d6 6. c4 Nbd7 7. Qc2 e5 8. Rd1
Qe7 9. dxe5 dxe5 10. Nc3 c6 11. e4 b6 12. h3 Bb7 13. Be3 Rfd8 14. a3 Ne8 15. b4
Nc7 16. Rab1 Nf8 17. c5 b5 18. Rxd8 Rxd8 19. a4 a6 20. axb5 axb5 21. Ra1 Na6
1/2-1/2

[Event "Plzen, FSB A"]
[Site "?"]
[Date "2000.??.??"]
[Round "7"]
[White "Priborsky, M."]
[Black "Chrz, P."]
[Result "1/2-1/2"]
[WhiteElo "1795"]
[BlackElo "2155"]
[PlyCount "174"]
[EventDate "2000.??.??"]
[Source "ChessBase"]
[SourceDate "1996.11.15"]

1. e4 c5 2. c3 d5 3. exd5 Qxd5 4. d4 e5 5. Nf3 cxd4 6. cxd4 Nc6 7. Nc3 Bb4 8.
Bd2 Bxc3 9. Bxc3 e4 10. Ne5 Nxe5 11. dxe5 Ne7 12. Be2 O-O 13. O-O Be6 14. Bb4
Rfe8 15. Qxd5 Nxd5 16. Bd6 Rec8 17. Rfc1 Nf4 18. Kf1 Rxc1+ 19. Rxc1 Nxe2 20.
Kxe2 Bxa2 21. Ke3 Bd5 22. Rd1 Bc6 23. Be7 Re8 24. Rd8 Rxd8 25. Bxd8 Kf8 26. g3
Ke8 27. Bc7 Kd7 28. Bb8 a5 29. Kd4 Ke6 30. Bc7 a4 31. Bb6 Kf5 32. h4 Ke6 33.
Bc5 Kf5 34. Bb6 Ke6 35. Bc5 b5 36. Bb4 Kf5 37. Bc5 Bd7 38. Bb4 Be6 39. Bc5 Bc4
40. Bb4 Bd3 41. Bc5 Bc2 42. Bb4 Bb3 43. Bc5 g6 44. Bb4 Bc4 45. Bc5 Bb3 46. Bb4
Ba2 47. Bc5 e3 48. Kxe3 Kxe5 49. Bb4 Kd5 50. Be7 Kc4 51. Kd2 Bb1 52. Bd6 Kb3
53. Kc1 Be4 54. Be7 b4 55. Bd6 a3 56. bxa3 Kxa3 57. Be7 Kb3 58. Bd6 Kc3 59. Be7
b3 60. Bf6+ Kd3 61. Kb2 Bd5 62. Bg5 Be6 63. Be7 Ke2 64. Bc5 Kf3 65. Bd4 Ke4 66.
Bg7 Kf5 67. Bf8 f6 68. Kc3 Kg4 69. Be7 f5 70. Bg5 Kf3 71. Be3 Ke4 72. Bf4 Kf3
73. Be3 Ke2 74. Kb2 Kd3 75. Bf4 Bd5 76. Bg5 Ke4 77. Bf4 Kf3 78. Be3 Kg4 79. Bf4
Kh5 80. Be3 h6 81. Bd2 g5 82. hxg5 hxg5 83. Be3 f4 84. gxf4 g4 85. f5 Bc4 86.
f6 Kg6 87. Bd4 Bd5 1/2-1/2

[Event "Plzen, FSB A"]
[Site "?"]
[Date "2000.??.??"]
[Round "7"]
[White "Vanek, T."]
[Black "Ratolistka, J."]
[Result "0-1"]
[WhiteElo "2030"]
[BlackElo "2150"]
[PlyCount "118"]
[EventDate "2000.??.??"]
[Source "ChessBase"]
[SourceDate "1996.11.15"]

1. d4 d5 2. Nf3 Nf6 3. e3 c6 4. Bd3 Bg4 5. b3 e6 6. Bb2 Nbd7 7. Nbd2 Bd6 8. h3
Bxf3 9. Nxf3 Qc7 10. Qe2 O-O 11. O-O e5 12. dxe5 Nxe5 13. c4 dxc4 14. Bxc4
Nxf3+ 15. Qxf3 Bh2+ 16. Kh1 Be5 17. Bxe5 Qxe5 18. Rad1 Rfd8 19. g3 Qe4 20. Kg2
Kf8 21. Bd3 Qxf3+ 22. Kxf3 Nd5 23. e4 Nc3 24. Rd2 Nxa2 25. Ke3 Nb4 26. Bb1 Ke7
27. f4 f6 28. e5 Nd5+ 29. Kf3 g6 30. Re1 Nc3 31. Bd3 f5 32. g4 Rd4 33. gxf5
gxf5 34. Ke3 Rad8 35. Rg1 Ne4 36. Rdd1 Nc5 37. Bc2 Rxd1 38. Bxd1 Ne6 39. b4 Rd4
40. Rg7+ Kf8 41. Rxb7 Rxd1 42. Rxa7 Rd4 43. Rxh7 Re4+ 44. Kd2 Rxf4 45. Rh6 Kf7
46. Kd3 Rxb4 47. Rf6+ Ke7 48. Rxf5 Rb3+ 49. Ke4 Rxh3 50. Rf1 Rh4+ 51. Kf5 Rh8
52. Ra1 Rf8+ 53. Ke4 Rc8 54. Rh1 Rg8 55. Ra1 Rd8 56. Rh1 Nc5+ 57. Ke3 Ke6 58.
Rh6+ Kd5 59. Rf6 Ne6 0-1

[Event "Plzen, FSB A"]
[Site "?"]
[Date "2000.??.??"]
[Round "7"]
[White "Weiss, O."]
[Black "Warnk, T."]
[Result "1-0"]
[WhiteElo "2140"]
[BlackElo "2025"]
[PlyCount "87"]
[EventDate "2000.??.??"]
[Source "ChessBase"]
[SourceDate "1996.11.15"]

1. d4 d5 2. Nf3 Nf6 3. e3 g6 4. c4 c6 5. Nc3 Bg7 6. Qb3 O-O 7. Bd3 e6 8. O-O
Nbd7 9. Bd2 Re8 10. Rad1 Qb6 11. Qa3 Bf8 12. Qa4 Qc7 13. e4 Nb6 14. Qb3 dxc4
15. Bxc4 Nxc4 16. Qxc4 Nd7 17. e5 Nb6 18. Qd3 Nd5 19. Ne4 Bg7 20. Nfg5 f6 21.
exf6 Bxf6 22. Nxf6+ Nxf6 23. Rfe1 e5 24. Qc4+ Nd5 25. Bf4 h6 26. Rxe5 Rxe5 27.
Bxe5 Qe7 28. Ne4 Be6 29. Qe2 Rf8 30. Bd6 Nf4 31. Bxf4 Rxf4 32. Nc5 Rf6 33. Re1
Kf7 34. Kf1 b6 35. Nxe6 Rxe6 36. Qxe6+ Qxe6 37. Rxe6 Kxe6 38. Ke2 Kd6 39. Kd3
Kd5 40. f4 b5 41. b4 Ke6 42. Ke4 Kd6 43. g4 a6 44. f5 1-0

[Event "Plzen, FSB A"]
[Site "?"]
[Date "2000.??.??"]
[Round "7"]
[White "Kriz, L."]
[Black "Hofman, M."]
[Result "0-1"]
[WhiteElo "2130"]
[BlackElo "1900"]
[PlyCount "132"]
[EventDate "2000.??.??"]
[Source "ChessBase"]
[SourceDate "1996.11.15"]

1. Nf3 e6 2. b3 Nf6 3. Bb2 b6 4. g3 Bb7 5. Bg2 d5 6. O-O c5 7. Ne5 Qc7 8. e3
Be7 9. f4 Nc6 10. d3 Rc8 11. Nd2 O-O 12. Ndf3 Nd7 13. Nxd7 Qxd7 14. c3 Rcd8 15.
Qe2 Bf6 16. Rad1 Qc7 17. a3 Rfe8 18. b4 a6 19. d4 g6 20. g4 Bg7 21. g5 Ne7 22.
Rc1 c4 23. Nd2 Nf5 24. e4 Nd6 25. e5 Nf5 26. Bh3 b5 27. Bxf5 exf5 28. Qf2 Qe7
29. Rce1 Bc8 30. Re3 h5 31. gxh6 Bxh6 32. Bc1 Be6 33. Rh3 Kg7 34. Nf3 Rh8 35.
Qg2 Rh7 36. Rg3 Kh8 37. Kf2 Rg8 38. h4 Qe8 39. Rg1 Rgg7 40. Rh1 Rg8 41. h5 gxh5
42. Rxh5 Rxg3 43. Qxg3 Qg8 44. Qh4 Qg6 45. Be3 Qg7 46. Qd8+ Qg8 47. Qd6 Qc8 48.
Qe7 Qf8 49. Qa7 Qc8 50. Nh4 Kg8 51. Ng2 Kh8 52. Rh3 Bf8 53. Rxh7+ Kxh7 54. Kf3
Bd7 55. Bf2 Be7 56. Bh4 Bf8 57. Ne3 Be6 58. Nxf5 Bxf5 59. Qxf7+ Bg7 60. Bf6
Be4+ 61. Ke3 Qh3+ 62. Kd2 Qd3+ 63. Ke1 Qxc3+ 64. Kf2 Qxd4+ 65. Kg3 Qg1+ 66. Kh4
Bf3 0-1

[Event "Plzen, FSB A"]
[Site "?"]
[Date "2000.??.??"]
[Round "7"]
[White "Reitinger, P."]
[Black "de Jong, J."]
[Result "0-1"]
[WhiteElo "2120"]
[BlackElo "2135"]
[PlyCount "48"]
[EventDate "2000.??.??"]
[Source "ChessBase"]
[SourceDate "1996.11.15"]

1. f4 Nf6 2. Nf3 g6 3. b3 Bg7 4. Bb2 O-O 5. e3 c5 6. Be2 d6 7. O-O Nc6 8. a4 a6
9. Na3 Rb8 10. Qe1 Qc7 11. Qh4 h6 12. h3 Nh7 13. Bxg7 Kxg7 14. g4 Rh8 15. Rf2
Nf6 16. Raf1 Bd7 17. d3 Nd5 18. c4 Nxe3 19. Re1 d5 20. Bf1 d4 21. Ne5 Nxe5 22.
fxe5 Qxe5 23. Nc2 g5 24. Qh5 f6 0-1

[Event "Plzen, FSB A"]
[Site "?"]
[Date "2000.??.??"]
[Round "7"]
[White "Epitashvili, K."]
[Black "Hejberg, C."]
[Result "0-1"]
[WhiteElo "2100"]
[BlackElo "2115"]
[PlyCount "50"]
[EventDate "2000.??.??"]
[Source "ChessBase"]
[SourceDate "1996.11.15"]

1. d4 Nf6 2. c4 g6 3. Nc3 Bg7 4. e4 d6 5. Be2 O-O 6. Bg5 Na6 7. Qd2 Qe8 8. f3
e5 9. d5 Nc5 10. g4 Bd7 11. h4 a6 12. h5 Na4 13. hxg6 fxg6 14. Nxa4 Bxa4 15.
Bd1 Bxd1 16. Rxd1 Qf7 17. Nh3 h5 18. Bh6 Nxe4 19. fxe4 Qf3 20. Nf2 Bxh6 21. Qe2
Qg2 22. Rf1 Rf3 23. Rd3 Raf8 24. gxh5 Rxd3 25. Qxd3 Rf3 0-1

[Event "Plzen, FSB A"]
[Site "?"]
[Date "2000.??.??"]
[Round "7"]
[White "Straka, Z."]
[Black "Svub, J."]
[Result "1/2-1/2"]
[WhiteElo "1890"]
[BlackElo "2110"]
[PlyCount "121"]
[EventDate "2000.??.??"]
[Source "ChessBase"]
[SourceDate "1996.11.15"]

1. d4 f5 2. Bg5 g6 3. Nc3 d5 4. f3 Bg7 5. Qd2 c6 6. O-O-O Bf6 7. h4 h6 8. Bf4
Qa5 9. Kb1 Be6 10. Nh3 Nd7 11. Nf2 Rd8 12. g4 b5 13. Nxd5 Qxd2 14. Nxf6+ Ngxf6
15. Bxd2 fxg4 16. fxg4 Nxg4 17. Nxg4 Bxg4 18. Re1 Nf6 19. Bg2 Rxd4 20. Bxc6+
Bd7 21. Bxd7+ Rxd7 22. Bc1 h5 23. Rd1 Rxd1 24. Rxd1 Kf7 25. b3 Rc8 26. Bb2 Ke6
27. Rd3 a6 28. Re3+ Kf7 29. Rf3 Rc6 30. e4 Ke6 31. Re3 Rd6 32. Kc1 Ng4 33. Re2
Rd7 34. Bc3 Rd8 35. Bd2 Rf8 36. Bg5 Rf1+ 37. Kb2 Rf8 38. c4 bxc4 39. bxc4 Ne5
40. Kc3 Rc8 41. Kb4 Rxc4+ 42. Ka5 Rc6 43. Bf4 Nc4+ 44. Kb4 Nd6 45. Ka5 Nc4+ 46.
Kb4 Ne5 47. Ka5 Nf3 48. Bg3 g5 49. hxg5 Nxg5 50. Bf4 Kf6 51. Rh2 Nxe4 52. Rxh5
Nd6 53. Bh2 Kg6 54. Rd5 Kf6 55. Rh5 e6 56. Rh6+ Kf5 57. Rh5+ Ke4 58. Rh4+ Kd3
59. Rh3+ Kc2 60. Bg1 e5 61. Rh2+ 1/2-1/2

[Event "Plzen, FSB A"]
[Site "?"]
[Date "2000.??.??"]
[Round "7"]
[White "Gschwendtner, S."]
[Black "Drahorad, D."]
[Result "1-0"]
[WhiteElo "2185"]
[BlackElo "1815"]
[PlyCount "55"]
[EventDate "2000.??.??"]
[Source "ChessBase"]
[SourceDate "1996.11.15"]

1. c4 Nf6 2. Nc3 e6 3. e4 d5 4. e5 Nfd7 5. cxd5 exd5 6. d4 Bb4 7. a3 Bxc3+ 8.
bxc3 O-O 9. Bd3 c5 10. Nf3 h6 11. O-O Re8 12. Bf4 Nf8 13. Qd2 Bg4 14. Rab1 c4
15. Bc2 b6 16. h3 Bxf3 17. gxf3 Qh4 18. Kh2 Ne6 19. Be3 Ng5 20. Bxg5 hxg5 21.
Rg1 Qf4+ 22. Qxf4 gxf4 23. Rg4 Na6 24. Rbg1 g6 25. Rxf4 Nc7 26. Bxg6 fxg6 27.
Rxg6+ Kh7 28. Rg1 1-0

[Event "Plzen, FSB A"]
[Site "?"]
[Date "2000.??.??"]
[Round "7"]
[White "Pliva, V."]
[Black "van Dijk, T."]
[Result "1-0"]
[WhiteElo "2170"]
[BlackElo "2040"]
[PlyCount "91"]
[EventDate "2000.??.??"]
[Source "ChessBase"]
[SourceDate "1996.11.15"]

1. Nf3 c5 2. c4 Nc6 3. Nc3 g6 4. e3 Bg7 5. d4 cxd4 6. exd4 d6 7. h3 b6 8. Be2
Nf6 9. O-O O-O 10. d5 Na5 11. Nd4 Qd7 12. Bf4 Rd8 13. Rc1 e5 14. dxe6 fxe6 15.
Ndb5 e5 16. Bg5 Bb7 17. b4 Nc6 18. Nd5 Qf7 19. Bf3 Kh8 20. Re1 a6 21. Nxf6 Bxf6
22. Nxd6 Qe7 23. Bxf6+ Qxf6 24. c5 Rab8 25. Qe2 bxc5 26. bxc5 Nd4 27. Qxe5 Qxe5
28. Rxe5 Bxf3 29. Nf7+ Kg8 30. Nxd8 Rxd8 31. Rce1 Bc6 32. Kh2 Bb5 33. Re7 Rf8
34. Kg1 Rc8 35. R7e5 Kg7 36. Rd5 Nc6 37. a3 h5 38. Re4 Nd8 39. Ree5 Kf7 40. Rd6
Nb7 41. Rdd5 Na5 42. Rd4 Kf6 43. f4 Nc4 44. Rg5 Nxa3 45. Rd6+ Kf7 46. Rdxg6 {
dale necitelne} 1-0

[Event "Plzen, FSB A"]
[Site "?"]
[Date "2000.??.??"]
[Round "7"]
[White "Rerabkova, L."]
[Black "Birkenmaier, R."]
[Result "0-1"]
[WhiteElo "2015"]
[BlackElo "2150"]
[PlyCount "86"]
[EventDate "2000.??.??"]
[Source "ChessBase"]
[SourceDate "1996.11.15"]

1. e4 e6 2. d4 d5 3. Nc3 dxe4 4. Nxe4 Nd7 5. Nf3 Ngf6 6. Bg5 Be7 7. Bd3 Nxe4 8.
Bxe7 Qxe7 9. Bxe4 Qb4+ 10. Qd2 Qxb2 11. O-O Qa3 12. Qg5 O-O 13. Qh4 Nf6 14. Bd3
Qa5 15. Ng5 h6 16. f4 b6 17. Rf3 Bb7 18. Rg3 Qb4 19. c3 Qe7 20. Nh7 Kh8 21.
Nxf8 Rxf8 22. Re1 Qa3 23. Bb1 c5 24. Qh3 cxd4 25. cxd4 Qb4 26. Rd1 Rd8 27. Rb3
Qd6 28. f5 e5 29. Qe3 Qd5 30. Qf2 e4 31. Rg3 Nh5 32. Re3 Nf6 33. Qf4 Qc4 34.
Rh3 Rxd4 35. Rc1 Qd5 36. Rf1 Qc5 37. Kh1 Qd6 38. Qe3 Rd1 39. Qe2 Rxf1+ 40. Qxf1
Ba6 41. Qc1 Ng4 42. Qe1 e3 43. Kg1 Qf4 0-1

[Event "Plzen, FSB A"]
[Site "?"]
[Date "2000.??.??"]
[Round "7"]
[White "Vreugdenhil, F."]
[Black "Ceplecha, T."]
[Result "1/2-1/2"]
[WhiteElo "2145"]
[BlackElo "2005"]
[PlyCount "86"]
[EventDate "2000.??.??"]
[Source "ChessBase"]
[SourceDate "1996.11.15"]

1. e4 d6 2. d4 Nf6 3. Nc3 c6 4. f4 Qc7 5. Nf3 Bg4 6. Bd3 e5 7. Be3 Nbd7 8. h3
Bxf3 9. Qxf3 Be7 10. g4 O-O 11. h4 exd4 12. Bxd4 Nc5 13. g5 Nfd7 14. Ne2 Rfe8
15. Kf2 Bf8 16. Ng3 Rad8 17. Nf5 Nxd3+ 18. cxd3 Qa5 19. Bc3 Qb6+ 20. Kg2 Nc5
21. Rad1 Na4 22. Rd2 Nxc3 23. bxc3 d5 24. e5 Qc7 25. h5 Qd7 26. Nh4 d4 27. c4
Bb4 28. Rc2 Rf8 29. Rh3 Bc3 30. Rg3 b5 31. cxb5 cxb5 32. Qe4 Qd5 33. Qxd5 Rxd5
34. Nf5 Rd7 35. Nd6 b4 36. Ne4 Rb7 37. Nd6 Rb6 38. Nc4 Rbb8 39. Kf3 Rb5 40. Nd6
Rc5 41. Nb7 Rb5 42. Nd6 Rc5 43. Nb7 Rb5 1/2-1/2

[Event "Plzen, FSB A"]
[Site "?"]
[Date "2000.??.??"]
[Round "7"]
[White "Chalupecky, V."]
[Black "Stehlik, J."]
[Result "0-1"]
[WhiteElo "1970"]
[BlackElo "2105"]
[PlyCount "66"]
[EventDate "2000.??.??"]
[Source "ChessBase"]
[SourceDate "1996.11.15"]

1. e4 c5 2. Nf3 Nc6 3. d4 cxd4 4. Nxd4 g6 5. Be3 Nf6 6. Nc3 Bg7 7. Nxc6 bxc6 8.
e5 Ng8 9. f4 f6 10. exf6 Nxf6 11. Be2 O-O 12. Qd2 d6 13. Bf3 Bd7 14. h4 h5 15.
Ne4 Nxe4 16. Bxe4 Qe8 17. O-O-O Qf7 18. b3 d5 19. Qd3 Bf5 20. Bxf5 Qxf5 21.
Qxf5 Rxf5 22. g4 hxg4 23. Rhg1 e5 24. Rxg4 exf4 25. Bxf4 Rxf4 26. Rxg6 Rf6 27.
Rdg1 Rxg6 28. Rxg6 Rc8 29. Rd6 Be5 30. Rg6+ Kh7 31. h5 Bc3 32. Rg1 Re8 33. Kd1
Kh6 0-1

[Event "Plzen, FSB A"]
[Site "?"]
[Date "2000.??.??"]
[Round "7"]
[White "Barton, J."]
[Black "Ziabari, M."]
[Result "0-1"]
[WhiteElo "1940"]
[BlackElo "2070"]
[PlyCount "74"]
[EventDate "2000.??.??"]
[Source "ChessBase"]
[SourceDate "1996.11.15"]

1. e4 b6 2. d4 e6 3. Bd3 Bb7 4. Nf3 Nf6 5. Bg5 h6 6. Bxf6 gxf6 7. Nbd2 Rg8 8.
g3 Nc6 9. c3 d5 10. Qe2 Ne7 11. e5 f5 12. Ba6 Qc8 13. Bxb7 Qxb7 14. Nh4 O-O-O
15. f4 Ng6 16. Nhf3 Be7 17. Kf2 Rde8 18. b4 f6 19. a4 fxe5 20. Nxe5 Nxe5 21.
Qxe5 Bd6 22. Qf6 Qc6 23. Rhc1 Qd7 24. Nf3 Ref8 25. Qh4 Rg6 26. Qh3 Qc6 27. Qf1
Rfg8 28. b5 Qb7 29. a5 Kd7 30. a6 Qa8 31. c4 c5 32. Qd3 cxd4 33. Ne5+ Bxe5 34.
fxe5 f4 35. c5 fxg3+ 36. hxg3 bxc5 37. Rxc5 Qf8+ 0-1

[Event "Plzen, FSB A"]
[Site "?"]
[Date "2000.??.??"]
[Round "7"]
[White "Vladyka, V."]
[Black "Balcar, M."]
[Result "1/2-1/2"]
[WhiteElo "2065"]
[BlackElo "1955"]
[PlyCount "23"]
[EventDate "2000.??.??"]
[Source "ChessBase"]
[SourceDate "1996.11.15"]

1. e4 e6 2. d4 d5 3. exd5 exd5 4. Bd3 c5 5. c3 Nc6 6. Nf3 Nf6 7. O-O Be7 8. h3
O-O 9. Re1 Qc7 10. Bg5 b6 11. Nbd2 Bb7 12. Qc2 1/2-1/2

[Event "Plzen, FSB A"]
[Site "?"]
[Date "2000.??.??"]
[Round "7"]
[White "Kovarik, J."]
[Black "Priborsky, I."]
[Result "1/2-1/2"]
[WhiteElo "2010"]
[BlackElo "1955"]
[PlyCount "84"]
[EventDate "2000.??.??"]
[Source "ChessBase"]
[SourceDate "1996.11.15"]

1. Nf3 g6 2. c4 Bg7 3. Nc3 d6 4. g3 e5 5. Bg2 Nc6 6. O-O Nf6 7. d3 O-O 8. e4 h6
9. h3 Be6 10. Nd5 Ne8 11. Rb1 Qd7 12. Kh2 Nd8 13. d4 c6 14. Ne3 Qc7 15. dxe5
dxe5 16. Qc2 Nd6 17. b3 f6 18. Nh4 Bf7 19. Ng4 Kh7 20. f4 Ne6 21. Nxg6 Bxg6 22.
f5 Bxf5 23. exf5 Nd4 24. Qd2 Nf7 25. c5 Rad8 26. Qb4 Rd7 27. Ne3 Rfd8 28. Rb2
Bf8 29. Qc4 Bg7 30. b4 Rg8 31. Bd2 Qd8 32. Bc3 Nb5 33. Be1 Rf8 34. Rbf2 Rd4 35.
Qc2 Ng5 36. h4 Nf7 37. a4 Nc7 38. Bc3 Rd7 39. Rd1 Rxd1 40. Qxd1 Qxd1 41. Nxd1
Rd8 42. Rd2 Rxd2 1/2-1/2